Statistics for Biggest Cities in Europe Quiz

Click here to take the quiz!

General Stats

  • This quiz has been taken 199,543 times
    (59,381 since last reset)
  • The average score is 31 of 51

Answer Stats

Population City % Correct
11.3 mParis
99%
14.6 mLondon
99%
6.35 mMadrid
96%
17.0 mMoscow
95%
4.63 mBerlin
95%
3.60 mRome
95%
4.70 mBarcelona
91%
2.43 mAmsterdam
86%
2.15 mStockholm
84%
2.30 mWarsaw
82%
2.55 mLisbon
82%
3.38 mAthens
82%
2.25 mMunich
81%
2.23 mVienna
81%
1.37 mDublin
80%
5.15 mMilan
80%
3.03 mManchester
80%
5.50 mSaint Petersburg
78%
2.05 mBrussels
78%
2.58 mBudapest
78%
14.8 mIstanbul
78%
3.45 mKiev
76%
1.42 mPrague
75%
1.65 mCopenhagen
75%
2.20 mBucharest
67%
2.83 mHamburg
67%
4.23 mNaples
65%
1.86 mLiverpool
64%
1.66 mMarseille
64%
3.23 mFrankfurt
63%
1.98 mLyon
62%
1.66 mGlasgow
62%
3.10 mBirmingham
61%
1.40 mZurich
55%
3.20 mRotterdam/Hague
54%
2.00 mMinsk
54%
1.41 mBelgrade
53%
1.66 mTurin
47%
1.76 mValencia
42%
2.15 mLeeds
40%
2.38 mStuttgart
31%
1.47 mNewcastle
26%
1.55 mSheffield
21%
1.41 mVolgograd
16%
1.74 mNizhny Novgorod
14%
1.63 mKharkiv
14%
1.45 mDonetsk
14%
1.63 mYekaterinburg
13%
1.37 mNottingham
12%
1.57 mMannheim
7%
1.41 mChelyabinsk
5%

Score Distribution

Percentile by Number Answered

Percent of People with Each Score

Your Score History

You have not taken this quiz since the last reset